000 00473nam a2200181Ia 4500
001 19024
005 20260306171713.0
008 260306s9999||||xx |||||||||||||| ||und||
041 _aESP
082 _a658.8
_bA69 2010
100 _aArellano Cueva, Rolando
_eAUT
245 0 _aMarketing:
_benfoque América Latina: el marketing científico aplicado a Latinoamérica
260 _c2010
300 _a
_c
650 _aGEN
654 _aCAN
942 _cLIB
_dJUS
_fJUS
_2ddc
_n
999 _c19024
_d19024